000 00623nam a22001457a 4500
020 _a978-0-440-24158-4
082 _a823
_bGRI/B
100 _aGRISHAM, JOHN
245 _aTHE BROKER
260 _aNEW YORK
_bBANTAM DELL
_c2008
300 _a419
520 _aThe Broker is a suspense novel written by American author John Grisham and published in the United States on January 11, 2005. The novel follows the story of Joel Backman, a newly pardoned prisoner who had tried to broker a deal to sell the world's most powerful satellite surveillance system to the highest bidder.
650 _aNOVEL
_zUNITED STATES
942 _cBK
999 _c3143
_d3143